I Meridiani Opere

Αποθηκεύτηκε σε:
Λεπτομέρειες βιβλιογραφικής εγγραφής
Κύριος συγγραφέας: D.A.F.De Sade
Μορφή: Βιβλίο
Γλώσσα:Άγνωστη γλώσσα
Έκδοση: Arnoldo Mondadori
Ετικέτες: Προσθήκη ετικέτας
Δεν υπάρχουν, Καταχωρήστε ετικέτα πρώτοι!

MARC

LEADER 00000nam a2200000Ia 4500
001 R-1469
003 CODICE-MESSINA
005 20260212102508.0
008 260211s9999 xx 000 0 und d
040 |c importazione_messina 
100 |a D.A.F.De Sade 
245 0 |a I Meridiani 
245 0 |b Opere 
260 |b Arnoldo Mondadori 
942 |2 ddc  |c BK 
952 |0 0  |1 0  |2 ddc  |4 0  |6 SCAFFALE_14_000000000000000__LETTERATURA  |7 0  |9 32306  |a ME  |b ME  |d 2026-02-11  |l 0  |o SCAFFALE 14 - LETTERATURA  |p R-1469  |r 2026-02-11 23:53:06  |w 2026-02-11  |x [REVISIONARE]  |y BK 
999 |c 27973  |d 27973